000 00481nam a2200193Ia 4500
005 20240430112129.0
008 131103s9999 xx 000 0 und d
040 _aLoreto College
041 _aEnglish
082 _a428
_bBRO
100 _aBronte, Emily
245 _aWuthering heights
_cEmily Bronte
260 _aDelhi
_bS.Chand
_c1987
300 _a163p.
504 _aIncludes bibliographical references
650 _aEnglish Fiction
850 _aLCBED
942 _cBK
999 _c30155
_d80634